Kraje z którymi nigdy nie wygrała Polska - Statystyki

Ogólne statystyki
  • Ten quiz został rozwiązany 20 razy
  • Średni wynik to 3 z 7
Statystyki odpowiedzi
podpowiedź odpowiedź % Poprawnych
1 porażka Australia
65%
remis i porażka Egipt
65%
2 remisy i porażka Kamerun
59%
1 porażka Paragwaj
47%
remis i porażka Korea Południowa
35%
1 remis Kuba
35%
2 remisy Czarnogóra
12%
Nie znaleziono quizów pasujących do podanych kryteriów
Rozkład punktacji
Procent ludzi z każdym wynikiem
Percentyl według liczby udzielonych odpowiedzi
Twoja historia wyników
Nie rozwiązałeś tego quizu